Historia de España / (Record no. 43883)

MARC details
000 -LEADER
campo de control de longitud fija 00520nam a2200181 i 4500
001 - NÚMERO DE CONTROL
campo de control 43883
003 - IDENTIFICADOR DE NÚMERO DE CONTROL
campo de control ES-MaACL
005 - FECHA Y HORA DE LA ÚLTIMA TRANSACCIÓN
campo de control 20251011063102.0
007 - CAMPO FIJO DE DESCRIPCIÓN FÍSICA--INFORMACIÓN GENERAL
campo de control de longitud fija t|
008 - DATOS DE LONGITUD FIJA--INFORMACIÓN GENERAL
campo de control de longitud fija 030320m18601863sp ||||1| spa d
100 1# - ENTRADA PRINCIPAL--NOMBRE DE PERSONA
Nombre de persona Cavanilles, Antonio,
Fechas asociadas al nombre 1805-1864
9 (RLIN) 37164
245 10 - MENCIÓN DEL TÍTULO
Título Historia de España /
Mención de responsabilidad, etc. Antonio Cavanilles.
260 ## - PUBLICACIÓN, DISTRIBUCIÓN, ETC.
Lugar de publicación, distribución, etc. Madrid :
Nombre del editor, distribuidor, etc. [s.n.,
Fecha de publicación, distribución, etc. 1860-1863] (
Fabricante J. Martín Alegria)
300 ## - DESCRIPCIÓN FÍSICA
Extensión 5 v. ;
Dimensiones 24 cm.
852 ## - LOCALIZACIÓN
Ubicación ES-MaACL
Número de control de estantería C-644-48
852 ## - LOCALIZACIÓN
Ubicación ES-MaACL
Número de control de estantería F-10459-63
Holdings
Estatus retirado Estado de pérdida Estado de daño No para préstamo Colección Biblioteca de origen Biblioteca actual Ubicación en estantería Fecha de adquisición Fuente de adquisición Total de préstamos Signatura topográfica completa Código de barras Visto por última vez Precio de reemplazo Tipo de ítem Koha
        Libros del s. XIX Biblioteca del Ateneo de Madrid Biblioteca del Ateneo de Madrid Sala Pecera Planta 2 17/01/2008     F-10459-63 1046192 23/02/2023 23/02/2023 Libro impreso antiguo
        Libros del s. XIX Biblioteca del Ateneo de Madrid Biblioteca del Ateneo de Madrid Sala Palomar 17/01/2008     C-644-48 1046191 23/02/2023 23/02/2023 Libro impreso antiguo